00304nam a2200109Ia 4500008004100000245006100041260004800102260000900150300000900159500001000168650001600178170224s9999 xx 000 0 und d aAttentional retraining can reduce chocolate consumption. bJournal of Experimental Psychology: Applied c2014 a20:1 aMarch xPsychology.